Dark Matter (Record no. 586042)

000 -LEADER
fixed length control field 00611nam a22001817a 4500
003 - CONTROL NUMBER IDENTIFIER
control field NUST
005 - DATE AND TIME OF LATEST TRANSACTION
control field 20210802130212.0
008 - FIXED-LENGTH DATA ELEMENTS--GENERAL INFORMATION
fixed length control field 210802b ||||| |||| 00| 0 eng d
020 ## - INTERNATIONAL STANDARD BOOK NUMBER
International Standard Book Number 2-86332-57-2
038 ## - RECORD CONTENT LICENSOR
Staff Name SNS Library Staff
082 ## - DEWEY DECIMAL CLASSIFICATION NUMBER
Classification number 523.1126
Author Mark AUD
100 ## - MAIN ENTRY--PERSONAL NAME
Personal name J. Audouze J. Tran Thanh Van
9 (RLIN) 81130
245 ## - TITLE STATEMENT
Title Dark Matter
Remainder of title Proceeding of the XXIII RENCONTRE DE MORIOND Series: Moriond Astrophysics Meetings, les Arcs, Frances - March 8-15 1988.
Statement of responsibility, etc. J. Audouze J. Tran Thanh Van
300 ## - PHYSICAL DESCRIPTION
Extent xiv, 498 p.
440 ## - SERIES STATEMENT/ADDED ENTRY--TITLE
Title Dark Matter
9 (RLIN) 81131
563 ## - BINDING INFORMATION
Binding note HB.
942 ## - ADDED ENTRY ELEMENTS (KOHA)
Source of classification or shelving scheme
Koha item type Book
Call number prefix 523.1126 AUD 1988
Holdings
Withdrawn status Lost status Source of classification or shelving scheme Damaged status Not for loan Permanent Location Current Location Shelving location Date acquired Total Checkouts Full call number Barcode Date last seen Price effective from Koha item type
          School of Natural Sciences (SNS) School of Natural Sciences (SNS) General Stacks 08/02/2021   523.1126 AUD SNS0000092 08/02/2021 08/02/2021 Book
© 2023 Central Library, National University of Sciences and Technology. All Rights Reserved.